000 00301nam a2200121Ia 4500
008 190216s9999||||xx |||||||||||||| ||und||
100 _aJohn Mc Leod
245 0 _aBeginning Post Colonialism
260 _bManchester University Press
_c2000
300 _a269p
650 _aIndian History
942 _cBK
999 _c21469
_d21469